000 00298nam a22001337a 4500
008 170908b xxu||||| |||| 00| 0 eng d
020 _a2900872893794
041 _aeng
080 _a91
100 _a42
101 _aGEO
245 _aGOVERING STATES LOCALITIES
_cSMITH.K.B
942 _2udc
_cBK
999 _c26858
_d26858